[Event "Figueira 2023"]
[Site "?"]
[Date "2023.11.07"]
[Round "4.16"]
[White "Audi, Ameya"]
[Black "Goncalves, Samuel Jesus P"]
[Result "1-0"]
[BlackElo "2136"]
[WhiteElo "2371"]
[LiveChessVersion "1.4.8"]

1. e4 {[%clk 1:30:56]} c5 {[%clk 1:30:53]} 2. Nf3 {[%clk 1:31:22]} e6
{[%clk 1:31:15]} 3. d4 {[%clk 1:31:44]} cxd4 {[%clk 1:31:39]} 4. Nxd4
{[%clk 1:32:10]} Nc6 {[%clk 1:31:58]} 5. Nc3 {[%clk 1:32:21]} Qc7
{[%clk 1:32:15]} 6. Be3 {[%clk 1:32:34]} a6 {[%clk 1:32:37]} 7. a3
{[%clk 1:32:55]} b5 {[%clk 1:31:22]} 8. Nxc6 {[%clk 1:32:54]} Qxc6
{[%clk 1:30:52]} 9. h4 {[%clk 1:33:03]} Bb7 {[%clk 1:21:22]} 10. h5
{[%clk 1:33:25]} Nf6 {[%clk 1:18:54]} 11. Rh4 {[%clk 1:32:57]} h6
{[%clk 1:09:02]} 12. e5 {[%clk 1:31:57]} Nd5 {[%clk 1:08:55]} 13. Nxd5
{[%clk 1:31:47]} Qxd5 {[%clk 1:09:06]} 14. Qxd5 {[%clk 1:32:05]} Bxd5
{[%clk 1:09:29]} 15. a4 {[%clk 1:32:17]} b4 {[%clk 1:07:55]} 16. a5
{[%clk 1:32:30]} f5 {[%clk 1:01:36]} 17. Bd2 {[%clk 1:18:06]} Be7
{[%clk 1:00:32]} 18. Rxb4 {[%clk 1:18:27]} Bxb4 {[%clk 1:00:40]} 19. Bxb4
{[%clk 1:18:54]} Rb8 {[%clk 0:37:51]} 20. c3 {[%clk 1:18:26]} Kf7
{[%clk 0:37:13]} 21. Rd1 {[%clk 1:13:42]} Rhd8 {[%clk 0:36:19]} 22. f3
{[%clk 1:13:23]} Ra8 {[%clk 0:35:31]} 23. c4 {[%clk 1:13:00]} Bc6
{[%clk 0:35:06]} 24. Bd6 {[%clk 1:03:27]} g6 {[%clk 0:31:28]} 25. hxg6+
{[%clk 1:02:29]} Kxg6 {[%clk 0:31:51]} 26. b4 {[%clk 1:02:56]} Rdc8
{[%clk 0:30:49]} 27. b5 {[%clk 0:56:22]} axb5 {[%clk 0:26:26]} 28. cxb5
{[%clk 0:56:47]} Rxa5 {[%clk 0:26:44]} 29. bxc6 {[%clk 0:57:07]} Rxc6
{[%clk 0:26:39]} 30. Rd2 {[%clk 0:54:09]} h5 {[%clk 0:23:18]} 31. Kf2
{[%clk 0:53:47]} h4 {[%clk 0:23:01]} 32. Rb2 {[%clk 0:47:29]} Ra1
{[%clk 0:18:55]} 33. Bd3 {[%clk 0:43:25]} Rcc1 {[%clk 0:18:15]} 34. Bb5
{[%clk 0:40:01]} Ra7 {[%clk 0:16:55]} 35. Rd2 {[%clk 0:35:57]} Rb7
{[%clk 0:15:17]} 36. Be2 {[%clk 0:36:19]} Rbb1 {[%clk 0:15:20]} 37. Be7
{[%clk 0:35:10]} Rh1 {[%clk 0:15:31]} 38. Rxd7 {[%clk 0:24:43]} h3
{[%clk 0:14:47]} 39. Bf8 {[%clk 0:13:49]} h2 {[%clk 0:13:05]} 40. Rg7+
{[%clk 0:43:45]} Kh6 {[%clk 0:43:15]} 41. Kg3 {[%clk 0:34:02]} f4+
{[%clk 0:36:11]} 42. Kg4 {[%clk 0:27:12]} Rhd1 {[%clk 0:32:49]} 43. Bxd1
{[%clk 0:25:42]} h1=Q {[%clk 0:30:10]} 44. Re7+ {[%clk 0:26:07]} Kg6
{[%clk 0:30:27]} 45. Bc2# {[%clk 0:26:34]} 1-0

[Event "Figueira 2023"]
[Site "?"]
[Date "2023.11.07"]
[Round "4.17"]
[White "Pintor, Simao Maciel Abranches"]
[Black "Lewtak, Damian"]
[Result "0-1"]
[BlackElo "2356"]
[WhiteElo "2036"]
[LiveChessVersion "1.4.8"]

1. e4 {[%clk 1:14:54]} c5 {[%clk 1:30:53]} 2. Nf3 {[%clk 1:15:19]} d6
{[%clk 1:31:19]} 3. d4 {[%clk 1:15:45]} cxd4 {[%clk 1:31:45]} 4. Nxd4
{[%clk 1:16:10]} Nf6 {[%clk 1:32:11]} 5. Nc3 {[%clk 1:16:32]} a6 {[%clk 1:32:36]}
6. Be3 {[%clk 1:16:57]} e5 {[%clk 1:32:38]} 7. Nf3 {[%clk 1:17:22]} Be7
{[%clk 1:32:45]} 8. Bc4 {[%clk 1:17:47]} h6 {[%clk 1:32:17]} 9. O-O
{[%clk 1:17:56]} O-O {[%clk 1:29:16]} 10. Nh4 {[%clk 1:16:22]} Kh8
{[%clk 1:19:51]} 11. Nf5 {[%clk 1:13:19]} Bxf5 {[%clk 1:11:39]} 12. exf5
{[%clk 1:13:44]} Qc8 {[%clk 1:10:30]} 13. Bd5 {[%clk 1:08:59]} Nc6
{[%clk 1:09:42]} 14. Qf3 {[%clk 1:06:06]} Rb8 {[%clk 1:08:20]} 15. Rad1
{[%clk 0:58:29]} Nb4 {[%clk 0:58:57]} 16. Ba7 {[%clk 0:43:08]} Ra8
{[%clk 0:59:08]} 17. Be3 {[%clk 0:36:55]} Nbxd5 {[%clk 0:54:55]} 18. Nxd5
{[%clk 0:36:47]} Nxd5 {[%clk 0:55:19]} 19. Qxd5 {[%clk 0:26:51]} b5
{[%clk 0:45:54]} 20. Qe4 {[%clk 0:24:20]} Qc7 {[%clk 0:43:24]} 21. Rd2
{[%clk 0:17:12]} Rac8 {[%clk 0:42:09]} 22. Rfd1 {[%clk 0:17:34]} Rfd8
{[%clk 0:40:54]} 23. c3 {[%clk 0:15:40]} Qc6 {[%clk 0:38:11]} 24. Qd5
{[%clk 0:15:43]} Qxd5 {[%clk 0:37:20]} 25. Rxd5 {[%clk 0:16:11]} Rc4
{[%clk 0:37:30]} 26. g3 {[%clk 0:14:57]} Kh7 {[%clk 0:36:23]} 27. Kg2
{[%clk 0:14:32]} f6 {[%clk 0:35:43]} 28. Kf3 {[%clk 0:06:02]} h5 {[%clk 0:32:12]}
29. Bb6 {[%clk 0:04:32]} Rdc8 {[%clk 0:31:45]} 30. a3 {[%clk 0:02:52]} Ra4
{[%clk 0:30:05]} 31. Re1 {[%clk 0:01:01]} Rc6 {[%clk 0:29:59]} 32. Be3
{[%clk 0:00:36]} g6 {[%clk 0:29:18]} 33. fxg6+ {[%clk 0:01:04]} Kxg6
{[%clk 0:29:43]} 34. h4 {[%clk 0:01:20]} Kf5 {[%clk 0:28:38]} 35. Red1
{[%clk 0:01:36]} Ke6 {[%clk 0:28:44]} 36. Kg2 {[%clk 0:00:41]} f5
{[%clk 0:28:40]} 37. Kf3 {[%clk 0:00:41]} Rg4 {[%clk 0:26:58]} 38. Bc1
{[%clk 0:00:33]} Rc5 {[%clk 0:23:52]} 39. Rxc5 {[%clk 0:01:01]} dxc5
{[%clk 0:24:16]} 40. Be3 {[%clk 0:30:34]} a5 {[%clk 0:52:17]} 41. Re1
{[%clk 0:25:23]} Kd5 {[%clk 0:45:44]} 42. Rd1+ {[%clk 0:24:57]} Kc6
{[%clk 0:46:05]} 43. Re1 {[%clk 0:23:24]} Kd5 {[%clk 0:43:27]} 44. Rd1+
{[%clk 0:22:39]} Ke6 {[%clk 0:43:47]} 45. Re1 {[%clk 0:22:28]} Bd6
{[%clk 0:44:08]} 46. Bg5 {[%clk 0:19:38]} a4 {[%clk 0:43:40]} 47. Re2
{[%clk 0:18:59]} b4 {[%clk 0:39:27]} 48. cxb4 {[%clk 0:17:42]} cxb4
{[%clk 0:39:41]} 49. axb4 {[%clk 0:17:02]} Rxb4 {[%clk 0:40:04]} 50. Rc2
{[%clk 0:13:47]} e4+ {[%clk 0:38:06]} 51. Kg2 {[%clk 0:13:54]} Be5
{[%clk 0:36:19]} 52. Rc6+ {[%clk 0:13:29]} Kd5 {[%clk 0:35:33]} 53. Ra6
{[%clk 0:13:29]} Bxb2 {[%clk 0:34:24]} 54. Ra5+ {[%clk 0:13:36]} Ke6
{[%clk 0:27:07]} 55. Ra6+ {[%clk 0:13:58]} Kd7 {[%clk 0:27:25]} 56. Ra7+
{[%clk 0:11:47]} Kc6 {[%clk 0:27:46]} 57. Be7 {[%clk 0:12:11]} Rb7
{[%clk 0:26:49]} 58. Ra6+ {[%clk 0:06:57]} Kb5 {[%clk 0:27:11]} 59. Re6
{[%clk 0:07:11]} Rb6 {[%clk 0:27:20]} 60. Rxb6+ {[%clk 0:06:49]} Kxb6
{[%clk 0:27:45]} 61. f3 {[%clk 0:07:00]} Kc6 {[%clk 0:27:50]} 62. g4
{[%clk 0:05:41]} fxg4 {[%clk 0:28:12]} 63. fxg4 {[%clk 0:05:59]} hxg4
{[%clk 0:28:36]} 64. Kg3 {[%clk 0:06:09]} a3 {[%clk 0:28:19]} 65. Bxa3
{[%clk 0:06:28]} Bxa3 {[%clk 0:28:44]} 66. Kxg4 {[%clk 0:06:07]} Kd5
{[%clk 0:29:05]} 67. h5 {[%clk 0:06:31]} Bb2 {[%clk 0:29:22]} 68. h6
{[%clk 0:06:49]} Kd4 {[%clk 0:29:44]} 69. h7 {[%clk 0:07:13]} Kd3
{[%clk 0:30:09]} 0-1

[Event "Figueira 2023"]
[Site "?"]
[Date "2023.11.07"]
[Round "4.18"]
[White "Kaczmarek, Aleksander"]
[Black "Gama, Edivaldo Jr"]
[Result "1-0"]
[BlackElo "2104"]
[WhiteElo "2331"]
[LiveChessVersion "1.4.8"]

1. e4 g6 2. d4 Bg7 3. h4 c5 4. d5 h5 5. c4 d6 6. Nc3 Nf6 7. Be2 Nbd7 8. Nf3 a6 9.
a4 Qc7 10. Qc2 Rb8 11. Bd2 b6 12. Nd1 Ne5 13. Nxe5 dxe5 14. a5 Kf8 15. axb6 Qxb6
16. Bc3 Ne8 17. Ne3 Bf6 18. g3 Nd6 19. Bd3 Kg7 20. O-O Ne8 21. Ra5 Bd7 22. Rfa1
Nc7 23. f4 exf4 24. e5 fxe3 25. exf6+ exf6 26. Rf1 Ne8 27. Qe2 Rc8 28. Qxe3 Qd6
29. Qf4 Qb6 30. Raa1 Bh3 31. Rf2 Rf8 32. Kh2 Bg4 33. Raf1 Rd8 34. Qe3 Rd6 35. Bd2
Qxb2 36. Qh6+ Kg8 37. Qxf8+ 1-0

[Event "Figueira 2023"]
[Site "?"]
[Date "2023.11.07"]
[Round "4.19"]
[White "Rajesh, V A V"]
[Black "Varela La Madrid, Tilsia Carolina"]
[Result "1-0"]
[BlackElo "2000"]
[WhiteElo "2310"]
[LiveChessVersion "1.4.8"]

1. d4 d5 2. c4 c6 3. Nf3 Nf6 4. e3 e6 5. Qc2 Nbd7 6. Nc3 Be7 7. b3 b6 8. Bd3 Bb7
9. O-O c5 10. cxd5 Nxd5 11. Nxd5 Bxd5 12. Ne5 Nxe5 13. dxe5 Qc7 14. Bb2 h5 15. f4
g6 16. e4 Bc6 17. f5 gxf5 18. exf5 O-O-O 19. fxe6 Rhg8 20. Be4 fxe6 21. Rad1 Rxd1
22. Rxd1 Rg4 23. Bxc6 Qxc6 24. Qe2 Kb7 25. Rf1 Rg7 26. Bc1 h4 27. h3 b5 28. Bh6
Rh7 29. Bd2 Rg7 30. Rf4 Bd8 31. Be1 Bb6 32. Kh1 Rc7 33. a4 c4 34. axb5 Qc5 35.
Qe4+ Kb8 36. Bf2 Qa3 37. Bxb6 Qc1+ 38. Kh2 axb6 39. Rf8+ 1-0

[Event "Figueira 2023"]
[Site "?"]
[Date "2023.11.07"]
[Round "4.20"]
[White "Morais, Miguel Almeida"]
[Black "Antolak, Julia"]
[Result "0-1"]
[BlackElo "2281"]
[WhiteElo "1986"]
[LiveChessVersion "1.4.8"]

1. d4 Nf6 2. c4 e6 3. Nf3 Bb4+ 4. Bd2 Qe7 5. e3 b6 6. Bd3 Bb7 7. O-O O-O 8. Nc3
d6 9. a3 Bxc3 10. Bxc3 Nbd7 11. Qc2 e5 12. dxe5 dxe5 13. Be2 Be4 14. Qc1 Nc5 15.
Bb4 Nfd7 16. Qc3 f5 17. Rad1 Rf6 18. Bxc5 bxc5 19. Rd2 Re8 20. Rfd1 Nf8 21. Ne1
Bc6 22. f4 exf4 23. exf4 Re6 24. Nf3 Bxf3 25. Bxf3 Re1+ 26. Kf2 Qh4+ 0-1

[Event "Figueira 2023"]
[Site "?"]
[Date "2023.11.07"]
[Round "4.21"]
[White "Davtyan, David Arm."]
[Black "Raghav, V"]
[Result "1-0"]
[BlackElo "1797"]
[WhiteElo "2362"]
[LiveChessVersion "1.4.8"]

1. d4 {[%clk 1:30:02]} Nf6 {[%clk 1:26:52]} 2. Nf3 {[%clk 1:30:02]} e6
{[%clk 1:27:14]} 3. c4 {[%clk 1:30:10]} b6 {[%clk 1:27:40]} 4. a3
{[%clk 1:28:52]} Bb7 {[%clk 1:22:27]} 5. Nc3 {[%clk 1:25:16]} Be7
{[%clk 1:22:14]} 6. d5 {[%clk 1:25:37]} O-O {[%clk 1:13:11]} 7. e4
{[%clk 1:25:55]} d6 {[%clk 1:04:04]} 8. Bd3 {[%clk 1:24:13]} exd5
{[%clk 1:01:39]} 9. cxd5 {[%clk 1:20:47]} c6 {[%clk 0:59:05]} 10. Bc2
{[%clk 1:05:53]} cxd5 {[%clk 0:49:40]} 11. exd5 {[%clk 1:06:11]} a6
{[%clk 0:43:34]} 12. O-O {[%clk 1:03:45]} b5 {[%clk 0:42:42]} 13. Re1
{[%clk 0:50:26]} Nbd7 {[%clk 0:41:13]} 14. Qd4 {[%clk 0:43:23]} Re8
{[%clk 0:38:41]} 15. Bg5 {[%clk 0:37:48]} Rc8 {[%clk 0:28:38]} 16. Rad1
{[%clk 0:28:42]} h6 {[%clk 0:18:45]} 17. Bh4 {[%clk 0:26:55]} Qc7
{[%clk 0:13:10]} 18. Bf5 {[%clk 0:25:35]} Rcd8 {[%clk 0:13:04]} 19. Rc1
{[%clk 0:22:02]} Qb8 {[%clk 0:12:52]} 20. Re3 {[%clk 0:16:44]} Ne5
{[%clk 0:11:53]} 21. Rce1 {[%clk 0:15:36]} Nfd7 {[%clk 0:11:25]} 22. Bxd7
{[%clk 0:14:39]} Rxd7 {[%clk 0:08:15]} 23. Nxe5 {[%clk 0:14:13]} dxe5
{[%clk 0:08:19]} 24. Rxe5 {[%clk 0:14:04]} f6 {[%clk 0:06:51]} 25. R5e3
{[%clk 0:09:56]} Qd8 {[%clk 0:05:48]} 26. Bxf6 {[%clk 0:07:20]} gxf6
{[%clk 0:04:59]} 27. Qg4+ {[%clk 0:07:41]} Kh7 {[%clk 0:03:58]} 28. Qf5+
{[%clk 0:08:05]} Kh8 {[%clk 0:02:34]} 29. Qg6 {[%clk 0:08:25]} Rxd5
{[%clk 0:01:27]} 30. Nxd5 {[%clk 0:08:40]} 1-0

[Event "Figueira 2023"]
[Site "?"]
[Date "2023.11.07"]
[Round "4.22"]
[White "Andias, Joao Pedro Menezes"]
[Black "Sousa, Andre Ventura"]
[Result "1/2-1/2"]
[BlackElo "2441"]
[WhiteElo "2069"]
[LiveChessVersion "1.4.8"]

1. e4 {[%clk 1:24:01]} e5 {[%clk 1:30:56]} 2. Nc3 {[%clk 1:24:19]} Bc5
{[%clk 1:31:07]} 3. Bc4 {[%clk 1:24:40]} Nc6 {[%clk 1:30:57]} 4. Qg4
{[%clk 1:24:59]} Kf8 {[%clk 1:31:21]} 5. Qf3 {[%clk 1:24:51]} Nf6
{[%clk 1:31:15]} 6. d3 {[%clk 1:25:06]} d6 {[%clk 1:29:26]} 7. h3
{[%clk 1:25:02]} Na5 {[%clk 1:26:51]} 8. Bb3 {[%clk 1:13:29]} Nxb3
{[%clk 1:06:45]} 9. axb3 {[%clk 1:13:34]} h6 {[%clk 1:04:59]} 10. Na4
{[%clk 1:06:01]} Nd7 {[%clk 0:59:19]} 11. Ne2 {[%clk 1:05:05]} Qf6
{[%clk 0:48:27]} 12. Qg3 {[%clk 0:59:44]} h5 {[%clk 0:36:17]} 13. Nxc5
{[%clk 0:48:18]} Nxc5 {[%clk 0:36:06]} 14. O-O {[%clk 0:48:33]} h4
{[%clk 0:34:12]} 15. Qe3 {[%clk 0:48:56]} g5 {[%clk 0:34:05]} 16. Qxg5
{[%clk 0:40:00]} Qxg5 {[%clk 0:34:30]} 17. Bxg5 {[%clk 0:40:25]} Bxh3
{[%clk 0:34:13]} 18. gxh3 {[%clk 0:40:11]} Rg8 {[%clk 0:34:40]} 19. Kh2
{[%clk 0:39:27]} Rxg5 {[%clk 0:35:06]} 20. f4 {[%clk 0:39:50]} Rh5
{[%clk 0:32:29]} 21. fxe5 {[%clk 0:38:10]} dxe5 {[%clk 0:32:54]} 22. Rf2
{[%clk 0:34:47]} Ke7 {[%clk 0:23:18]} 23. Raf1 {[%clk 0:34:20]} Rf8
{[%clk 0:23:45]} 24. Nc3 {[%clk 0:15:17]} c6 {[%clk 0:22:46]} 25. Nd1
{[%clk 0:12:22]} Ne6 {[%clk 0:22:05]} 26. Ne3 {[%clk 0:12:51]} f6
{[%clk 0:17:46]} 27. Nf5+ {[%clk 0:11:01]} Kd7 {[%clk 0:18:12]} 28. Rg1
{[%clk 0:07:42]} Rh7 {[%clk 0:13:46]} 29. Rg4 {[%clk 0:06:43]} Rfh8
{[%clk 0:10:52]} 30. Rg6 {[%clk 0:06:18]} Rf8 {[%clk 0:11:03]} 31. Rg4
{[%clk 0:06:25]} Rfh8 {[%clk 0:11:30]} 32. Rg6 {[%clk 0:06:50]} Rf8
{[%clk 0:11:57]} 33. Rg4 {[%clk 0:06:24]} 1/2-1/2